Statystyki dla Wielkie Jeziora Afrykańskie

Kliknij tutaj aby rozwiązać quiz!

Ogólne statystyki

  • Ten quiz został rozwiązany 4 769 razy
  • Średni wynik to 3 z 9

Odpowiedzi na mapie

Odpowiedzi skodowane kolorowo w zielono-czerwonej skali na mapie do tego quizu, zgodnie z poniższymi procentami.
 

Statystyki odpowiedzi

km 2Jezioro% Poprawnych
68 800Jezioro Wiktorii
97%
29 600Niasa
62%
32 900Tanganika
53%
5 300Jezioro Alberta
21%
6 405Jezioro Rudolfa
20%
2 325Jezioro Edwarda
16%
2 700Kiwu
14%
5 120Mweru
13%
5 760Rukwa
12%

Rozkład punktacji

Percentyl według liczby udzielonych odpowiedzi

Procent ludzi z każdym wynikiem

Twoja historia wyników

Nie rozwiązałeś tego quizu